000 00451nam a2200169Ia 4500
003 GCL
008 140319s9999 xx 000 0 eng d
040 _aGCL /
_cGCL
082 0 4 _a629.13252
_bB G
100 1 _aBURTON, MIKE
245 1 0 _aGAS TURBINE ENGINES /
_cBURTON, MIKE
260 _a[S.N] :
_bAIRLIFE PUBLISHING ،
_c1993
300 _a127P
650 0 4 _aGAS TURBINE POWER -PLANTS
650 0 4 _aAIR STORAGE POWER - PLANTES
942 _2ddc
_cBK
999 _c11223
_d11223